书目信息 |
| 题名: |
中国图书发行史
|
|
| 作者: | 高信成 著 | |
| 分册: | ||
| 出版信息: | 上海 复旦大学出版社 2005 |
|
| 页数: | 452页 | |
| 开本: | 23cm | |
| 丛书名: | ||
| 单 册: | ||
| 中图分类: | G239.29 | |
| 科图分类: | ||
| 主题词: | 图书 , 出版发行 , 图书--出版发行--文化史--中国 , 文化史 | |
| 电子资源: | ||
| ISBN: | 7-309-04792-3 | |
| 000 | 00830nam0 2200253 450 | |
| 001 | 010060012382 | |
| 005 | 20061107084747.04 | |
| 010 | @a7-309-04792-3@dCNY45.00 | |
| 100 | @a20060116d2005 em y0chiy0110 ea | |
| 101 | 0 | @achi |
| 102 | @aCN@b310000 | |
| 105 | @ay z 000yy | |
| 200 | 1 | @a中国图书发行史@9zhong guo tu shu fa xing shi@f高信成著 |
| 210 | @a上海@c复旦大学出版社@d2005 | |
| 215 | @a452页@d23cm | |
| 330 | @a本书是一部论述中国图书发行简史的专著,分古代、近代、现代三编。较为清楚详细地梳理出中国图书出版发行的大致脉络,从而揭示出不同历史时期图书发行工作的地位、功能和规律。 | |
| 606 | 0 | @a图书 |
| 606 | 0 | @a出版发行 |
| 606 | 0 | @a图书@x出版发行@x文化史@y中国 |
| 606 | 0 | @a文化史 |
| 690 | @aG239.29@v4 | |
| 701 | 0 | @a高信成@9gao xin cheng@4著 |
| 801 | 0 | @aCN@bRENTIAN@c20061107 |
| 905 | @a10447@dG239.29@e38 | |
| 中国图书发行史/高信成著.-上海:复旦大学出版社,2005 |
| 452页;23cm |
| ISBN 7-309-04792-3:CNY45.00 |
| 本书是一部论述中国图书发行简史的专著,分古代、近代、现代三编。较为清楚详细地梳理出中国图书出版发行的大致脉络,从而揭示出不同历史时期图书发行工作的地位、功能和规律。 |
| ● |
| 相关链接 |
|
|
|
|
正题名:中国图书发行史
索取号:G239.29/38
 
预约/预借
| 序号 | 登录号 | 条形码 | 馆藏地/架位号 | 状态 | 备注 |
| 1 | 0382076 | 203820767 | 第一样本阅览室/ [索取号:G239.29/38] | 在馆 | |
| 2 | 0382077 | 203820776 | 第四借阅区/ [索取号:G239.29/38] | 在馆 | |
| 3 | 0382078 | 203820785 | 第四借阅区/ [索取号:G239.29/38] | 在馆 |